[Event "Quebec-ch U16"]
[Site "Montreal"]
[Date "2009.11.27"]
[Round "1"]
[White "Poulin, Mathieu"]
[Black "Powell, Samantha"]
[Result "1-0"]
[WhiteElo "1931"]
[BlackElo "1537"]
[PlyCount "133"]
[EventDate "2009.11.27"]
[EventType "swiss"]
[EventRounds "5"]
[EventCountry "CAN"]
[SourceTitle "EXT 2011"]
[Source "ChessBase"]
[SourceDate "2010.11.26"]
[SourceVersion "1"]
[SourceVersionDate "2010.11.26"]
[SourceQuality "1"]

1. d4 Nf6 2. c4 g6 3. Nc3 Bg7 4. e4 d6 5. f3 0-0 6. Be3 e5 7. d5 a5 8. Bd3 Nh5 9. Nge2 f5 10. exf5 Bxf5 11. 0-0 Nd7 12. Bxf5 gxf5 13. Qd2 f4 14. Bf2 Qe7 15. Ne4 h6 16. N2c3 Ndf6 17. c5 Nxe4 18. Nxe4 Nf6 19. cxd6 cxd6 20. Bb6 Nxe4 21. fxe4 a4 22. Rac1 Rfc8 23. Rc3 Qd7 24. Rfc1 Rxc3 25. Rxc3 Rc8 26. Rxc8+ Qxc8 27. Qc3 Qxc3 28. bxc3 Kf7 29. Kf2 Bf6 30. Ke2 Ke7 31. Kd3 Kd7 32. Kc4 Bh4 33. Kb5 Be1 34. c4 h5 35. Kxa4 h4 36. h3 Bd2 37. Kb3 Bc1 38. Bf2 f3 39. gxf3 Bg5 40. Kc3 Kc7 41. Kd3 b6 42. Be3 Bf6 43. f4 exf4 44. Bxf4 Kd7 45. Ke2 Be7 46. Kf3 Ke8 47. Kg4 Kf7 48. Bg5 Bf8 49. Bxh4 Kg6 50. Bd8 Bh6 51. Bxb6 Kf6 52. Bd4+ Ke7 53. a4 Bd2 54. Kf5 Kf7 55. Bb6 Bb4 56. a5 Bxa5 57. Bxa5 Kg7 58. Ke6 Kg6 59. Bd8 Kh5 60. Kxd6 Kg6 61. Ke6 Kg7 62. d6 Kg6 63. d7 Kh5 64. Bf6 Kh6 65. d8Q Kg6 66. Qg8+ Kh5 67. Qg5# 1-0

[Event "CAN-ch U16/18 Girls"]
[Site "Victoria"]
[Date "2009.07.23"]
[Round "6"]
[White "Powell, Samantha"]
[Black "Du, Jasmine"]
[Result "0-1"]
[WhiteElo "1604"]
[BlackElo "1810"]
[PlyCount "88"]
[EventDate "2009.07.21"]
[EventType "tourn"]
[EventRounds "7"]
[EventCountry "CAN"]
[SourceTitle "EXT 2011"]
[Source "ChessBase"]
[SourceDate "2010.11.26"]
[SourceVersion "1"]
[SourceVersionDate "2010.11.26"]
[SourceQuality "1"]

1. e4 b6 2. d4 Bb7 3. Bd3 e6 4. Nf3 c5 5. c3 Be7 6. Nbd2 cxd4 7. cxd4 d6 8. 0-0 Nf6 9. Re1 0-0 10. Nf1 Nbd7 11. Ng3 Re8 12. Bd2 Rc8 13. Rc1 Rxc1 14. Qxc1 Qa8 15. b3 Nf8 16. h3 Rc8 17. Qb1 Ng6 18. Rc1 Rxc1+ 19. Qxc1 Qb8 20. Qc2 a6 21. a4 Nd7 22. b4 Qd8 23. Qb3 Nf6 24. b5 a5 25. Qc2 Qd7 26. Be3 Bd8 27. Nd2 Bc7 28. f4 e5 29. f5 exd4 30. fxg6 dxe3 31. gxh7+ Nxh7 32. Nf3 Nf6 33. Nf1 Qe7 34. Ng5 d5 35. Nxe3 Bf4 36. Nf5 Qd7 37. h4 dxe4 38. Bxe4 Nxe4 39. Nxe4 Qxf5 40. Nf6+ Qxf6 41. Qf2 Qa1+ 42. Qf1 Be3+ 43. Kh2 Qxf1 44. Kh3 Qxg2# 0-1

[Event "CAN-ch U16/18 Girls"]
[Site "Victoria"]
[Date "2009.07.21"]
[Round "1"]
[White "Powell, Samantha"]
[Black "Lam, Karen"]
[Result "1-0"]
[WhiteElo "1604"]
[BlackElo "1007"]
[PlyCount "77"]
[EventDate "2009.07.21"]
[EventType "tourn"]
[EventRounds "7"]
[EventCountry "CAN"]
[SourceTitle "EXT 2011"]
[Source "ChessBase"]
[SourceDate "2010.11.26"]
[SourceVersion "1"]
[SourceVersionDate "2010.11.26"]
[SourceQuality "1"]

1. e4 e5 2. Nf3 Nc6 3. Bc4 Nf6 4. d4 exd4 5. e5 Nh5 6. 0-0 Bc5 7. Ng5 Nxe5 8. Qxh5 g6 9. Qe2 Qe7 10. Bd2 d6 11. Re1 0-0 12. c3 Re8 13. Bxf7+ Nxf7 14. Qxe7 Rxe7 15. Rxe7 Nxg5 16. Bxg5 Bg4 17. cxd4 Bxd4 18. Nc3 Rf8 19. Be3 Bxe3 20. Rxe3 b6 21. f3 Bf5 22. Rae1 Rf7 23. Nb5 c6 24. Nxd6 Rf6 25. Re8+ Rf8 26. Nxf5 Rxe8 27. Rxe8+ Kf7 28. Nd6+ Kg7 29. Re7+ Kg8 30. Rxa7 Kf8 31. Rxh7 Kg8 32. Rb7 Kf8 33. Kf2 Kg8 34. Ke3 Kh8 35. Ke4 Kg8 36. Ke5 Kf8 37. Kf6 Kg8 38. Ne4 Kf8 39. Rb8# 1-0

[Event "CAN-ch U16/18 Girls"]
[Site "Victoria"]
[Date "2009.07.21"]
[Round "2"]
[White "Xiong, Sonja"]
[Black "Powell, Samantha"]
[Result "1-0"]
[WhiteElo "1843"]
[BlackElo "1604"]
[PlyCount "65"]
[EventDate "2009.07.21"]
[EventType "tourn"]
[EventRounds "7"]
[EventCountry "CAN"]
[SourceTitle "EXT 2011"]
[Source "ChessBase"]
[SourceDate "2010.11.26"]
[SourceVersion "1"]
[SourceVersionDate "2010.11.26"]
[SourceQuality "1"]

1. e4 e5 2. Nf3 Nc6 3. Bc4 Nf6 4. d3 Be7 5. Nc3 d6 6. Ng5 0-0 7. 0-0 h6 8. Nxf7 Rxf7 9. Bxf7+ Kxf7 10. f4 Bg4 11. Qe1 Nd4 12. Qf2 c6 13. Be3 Qb6 14. Rab1 Kg8 15. fxe5 dxe5 16. Qg3 Bd7 17. Kh1 Qc5 18. Bxh6 Nh5 19. Qg6 Qd6 20. Qxh5 gxh6 21. Ne2 Nxc2 22. Rf3 Be8 23. Rg3+ Bg5 24. Qf3 Qf8 25. h4 Qxf3 26. gxf3 Bh5 27. hxg5 Rf8 28. gxh6+ Kh7 29. Ng1 Kxh6 30. Rc1 Nd4 31. Kg2 Bxf3+ 32. Nxf3 Ne2 33. Rh1# 1-0

[Event "CAN-ch U14 Girls"]
[Site "Quebec"]
[Date "2008.07.16"]
[Round "7"]
[White "Cheung, Tse Ning"]
[Black "Powell, Samantha"]
[Result "0-1"]
[WhiteElo "1357"]
[BlackElo "1510"]
[PlyCount "98"]
[EventDate "2008.07.14"]
[EventType "swiss"]
[EventRounds "7"]
[EventCountry "CAN"]
[SourceTitle "EXT 2011"]
[Source "ChessBase"]
[SourceDate "2010.11.26"]
[SourceVersion "1"]
[SourceVersionDate "2010.11.26"]
[SourceQuality "1"]

1. d4 Nf6 2. Nf3 g6 3. e3 Bg7 4. Bd3 0-0 5. 0-0 d6 6. h3 Nc6 7. Nc3 e5 8. Re1 Re8 9. dxe5 dxe5 10. e4 Nd4 11. Be3 b6 12. Bc4 Nxf3+ 13. Qxf3 Be6 14. Rad1 Qe7 15. Nd5 Nxd5 16. Bxd5 Bxd5 17. Rxd5 Rad8 18. Red1 Rxd5 19. Rxd5 Rd8 20. Rxd8+ Qxd8 21. Qg4 h5 22. Qg3 Qd1+ 23. Kh2 Qxc2 24. Qg5 Qxb2 25. Qd8+ Kh7 26. g4 Qxa2 27. gxh5 Bh6 28. hxg6+ Kxg6 29. Qg8+ Bg7 30. h4 Qe2 31. Qe8 Qg4 32. Qc6+ Kh7 33. Bg5 f6 34. Bxf6 Bxf6 35. Qxf6 Qf4+ 36. Qxf4 exf4 37. Kh3 c5 38. e5 c4 39. e6 Kg7 40. h5 c3 41. e7 Kf7 42. h6 c2 43. h7 c1Q 44. Kg4 Qg1+ 45. Kf3 Qh1+ 46. Ke2 Qxh7 47. e8Q+ Kxe8 48. f3 Qc2+ 49. Kf1 Ke7 0-1

[Event "CAN-ch U12 Girls"]
[Site "Kitchener"]
[Date "2006.07.12"]
[Round "5"]
[White "Orlova, Yelizaveta"]
[Black "Powell, Samantha"]
[Result "1-0"]
[WhiteElo "1651"]
[BlackElo "1162"]
[PlyCount "99"]
[EventDate "2006.07.10"]
[EventType "tourn"]
[EventRounds "6"]
[EventCountry "CAN"]
[SourceTitle "CBM 113 Extra"]
[Source "ChessBase"]
[SourceDate "2006.09.14"]
[SourceVersion "1"]
[SourceVersionDate "2006.09.14"]
[SourceQuality "1"]

1. d4 d5 2. Nf3 Nc6 3. c3 Nf6 4. Bf4 Bf5 5. e3 e6 6. Bd3 Bxd3 7. Qxd3 g6 8. Nbd2 Bg7 9. Ne5 Nxe5 10. Bxe5 Qe7 11. b4 0-0-0 12. a4 Nh5 13. Bxg7 Nxg7 14. 0-0 Nf5 15. b5 Qg5 16. Nf3 Qg4 17. Rfc1 h5 18. h3 Qe4 19. Qxe4 dxe4 20. Ng5 Nd6 21. c4 b6 22. c5 Nb7 23. Nxf7 Na5 24. Rab1 Rhf8 25. Nxd8 Rxd8 26. Rc3 g5 27. Rbc1 g4 28. cxb6 axb6 29. Rxc7+ Kb8 30. hxg4 Rd5 31. Re7 Nb3 32. Rc3 Na5 33. gxh5 Rxh5 34. Rxe6 Rh4 35. Rxb6+ Nb7 36. Rxb7+ Kxb7 37. a5 Rh6 38. Rc6 Rxc6 39. bxc6+ Kxc6 40. g4 Kb5 41. g5 Kxa5 42. g6 Kb4 43. g7 Kc3 44. g8Q Kd3 45. Qb3+ Ke2 46. d5 Kf3 47. d6 Ke2 48. d7 Kf3 49. d8Q Ke2 50. Qdd1# 1-0